000 00461nam a2200169Ia 4500
008 100122s9999 xx 000 0 und d
082 _b68338
_aBM823
100 _aकोको यूजिन
245 _aपिनोछीओ
250 _a1
260 _bशेठ पब्लिशिंग
_c2000
300 _a25
630 _aपिनोछीओ
700 _aराजे प्रभा
730 _aपिनोछीओ
942 _cBOOK
999 _c440034
_d440031